| 000 | 01183cam a22003497a 4500 | ||
|---|---|---|---|
| 003 | CHAP | ||
| 005 | 20220329142651.0 | ||
| 008 | 020902s2001 mx d r 00010 spa d | ||
| 010 | _a86212 | ||
| 011 | _a87184 | ||
| 020 | _a9684129998 | ||
| 035 | _a97726 | ||
| 040 | _cCHAP | ||
| 082 | 0 | 4 |
_a330.109 _bG6 1996 |
| 100 | 0 | 0 |
_aGómez Granillo , Moisés. _949732 |
| 245 | 1 | 0 |
_aBreve historia de las doctrinas económicas _c/por Moisés Gómez Granillo |
| 250 | _a22 ed. | ||
| 260 |
_aNaucalpan, Edo. Méx. : _bEsfinge, _c2001[c.1996] |
||
| 300 |
_a320 p. : _bgráfs. ; cuadros |
||
| 590 |
_aBATCH-UPD _b10 _c20130110 _lUCH01 _h1553 |
||
| 590 |
_aBATCH-UPD _b10 _c20130410 _lUCH01 _h0951 |
||
| 590 |
_aBATCH-UPD _b10 _c20130914 _lUCH01 _h1232 |
||
| 590 |
_aCONVERSION _b10 _c20130109 _lUCH01 _h1348 |
||
| 650 | 1 | 4 |
_aEconomía _xFilosofía. _935237 |
| 650 | 1 | 4 |
_aEconomía _xHistoria. _935238 |
| 650 | 1 | 4 |
_aIdeología. _957294 |
| 901 | _aBK | ||
| 905 | _aMayto Villalobos S. | ||
| 942 | _cLIBRO | ||
| 949 |
_a330.109 G6 1996 _bBC _cLIBRO _d33724000875829 _eLIBRO _h100996 _i97726 _si _t$85.00 |
||
| 949 |
_a330.109 G6 1996 _bBC _cLIBRO _d33724000880217 _eLIBRO _fc.2 _gI.c/e _h103203 _i97726 _si _t$85.00 |
||
| 999 |
_c86212 _d86212 |
||